Normal view
MARC view
- المسؤوليات -التفاعل الاجتماعي-علم الاجتماع- الجامعات والكليات- جوانب اجتماعية-الاردن
Entry Topical Term
001 - CONTROL NUMBER
- control field: 62330
003 - CONTROL NUMBER IDENTIFIER
- control field: JO-AjAnu
005 - DATE AND TIME OF LATEST TRANSACTION
- control field: 20230606084159.0
008 - FIXED-LENGTH DATA ELEMENTS
- fixed length control field: 230606|| aca||aabn | a|a d
040 ## - CATALOGING SOURCE
- Original cataloging agency: JO-AjAnu
- Transcribing agency: JO-AjAnu
150 ## - HEADING--TOPICAL TERM
- Topical term or geographic name entry element: المسؤوليات -التفاعل الاجتماعي-علم الاجتماع- الجامعات والكليات- جوانب اجتماعية-الاردن
670 ## - SOURCE DATA FOUND
- Source citation: Work cat.: (JO-AjAnu)31787: شقوارة، سناء علي, author 62329, المسؤولية المجتمعية بين النظرية والتطبيق